| 000 | 00436nam a2200169Ia 4500 | ||
|---|---|---|---|
| 005 | 20250423100333.0 | ||
| 008 | 250422s9999 xx 000 0 und d | ||
| 020 | _a9789129010918 | ||
| 050 | _aHB 171 .A33/ | ||
| 100 | _aAdam, J.A. | ||
| 245 | 0 | _aNigeria’s macroeconomic development: issues and challenges | |
| 260 | _aAbuja | ||
| 260 | _c2010 | ||
| 300 | _a384 p | ||
| 650 | _amacroeconomic development-- Nigeria | ||
| 942 | _cBK | ||
| 999 |
_c33002 _d33002 |
||